000 01789ngm a22003850a 4500
001 PT46526
003 AR-LpoUNG
005 20210201235955.0
007 vd cvaizq
008 191001s2010||||ag |||||||||||||||||spa d
037 _c$7.50
040 _aAR-LpoUNG
_bspa
_cAR-LpoUNG
_eaacr
041 _aspa
044 _aag
082 0 _a305.8 757aba
100 1 _aSpiner, Fernando
_edir.
245 1 0 _aAballay :
_bel hombre sin miedo
260 _aBuenos Aires :
_bECE,
_c2010.
300 _aDVD (98 min.) : son., col.
505 0 _aGuión: Fernando Spiner, Javier Diment y Santiago Hadida. Basado en el cuento de Antonio Di Benedetto. Protagonistas: Pablo Cedrón, Nazareno Casero, Claudio Rissi, Moro Anghileri, Luis Ziembrowski, Horacio Fontova, Gabriel Goity. Subtítulos en inglés y portugués. Contiene extras con trailer, making of, historia de la película, animatic. Ganadora de 9 premios internacionales, 8 premios sur. Representante argentina a los Premios Oscar.
520 _aAballay era un gaucho mal llevado: resentido, ladrón, asesino. Pero la imagen que devuelve un espejo hace que una persona se replantee toda su vida. Luego de matar salvajemente a un hombre, la mirada aterrorizada del hijo de su víctima le da brutal conciencia de su salvajismo y falta de humanidad, llenándolo de confusión y horror por sí mismo. La mirada de aquel niño no lo abandona, y él sabe que en cualquier momento lo va a buscar... y lo va a encontrar.
650 4 _aAMBIENTE RURAL
650 4 _aARGENTINA
650 4 _aDRAMA
650 4 _aRELACIONES HUMANAS
651 4 _aArgentina
653 _aCINE ARGENTINO
653 _aCRIMENES
653 _aDVD
653 _aGAUCHESCA
653 _aVIDEOS
653 _aWESTERN
905 _a46526
942 _cDVD
999 _c53896
_d53896